Sports Quiz

Random Sports Quiz

Young AFL Stars 2019 (Debut From 2017 +) Quiz Stats

 Plays Quiz not verified by Sporcle

Score 0/10 Timer 10:00
0 Plays Today
Hint Answer % Correct
HawthornJames Worpel
100%
EssendonAndrew McGrath
100%
GeelongTim Kelly
96.8%
CarltonSam Walsh
96.8%
CollingwoodJaidyn Stephenson
93.5%
Brisbane LionsCameron Rayner
87.1%
GWSTim Taranto
77.4%
St KildaRowan Marshall
77.4%
AdelaideAlex Keath
64.5%
West Coast Jack Petruccelle
54.8%

You're not logged in!

Compare scores with friends on all Sporcle quizzes.
OR
Log In

Sporcle TV

Today on Sporcle TV


Watch our educational content, quiz creation guides, and fun videos on Sporcle TV.

Show Comments

Extras

Created Sep 15, 2019ReportNominate
Tags:2017, 2019, AFL, debut, star, young

Top Quizzes Today


Score Distribution

Your Account Isn't Verified!

In order to create a playlist on Sporcle, you need to verify the email address you used during registration. Go to your Sporcle Settings to finish the process.

Report this User

Report this user for behavior that violates our Community Guidelines.

Details: